| 000 | 01581cam a22004334i 4500 | ||
|---|---|---|---|
| 003 | PE-LiUPU | ||
| 005 | 20250731173006.0 | ||
| 008 | 150623s r 000 0 d | ||
| 035 | _a(Sirsi) a22074 | ||
| 040 |
_aPE-LiUPU _bspa _cPE-LiUPU _erda |
||
| 082 | 0 | 4 |
_a234.165 _bS18 _221 |
| 100 | 1 |
_aSaldón, Eutiquiano, _eautor. |
|
| 245 | 1 | 3 | _aEl matrimonio misterio y signo: desde el siglo I hasta San Agustín. |
| 264 | 1 |
_aBurgos, Pamplona : _bEdiciones Universidad de Navarra, _c1971. |
|
| 300 |
_a156 páginas ; _c22 cm. |
||
| 336 |
_atext _2rdacontent |
||
| 337 |
_aunmediated _2rdamedia |
||
| 338 |
_avolume _2rdacarrier |
||
| 504 | _aIncluye bibliografía. | ||
| 505 | 0 | _aDesde los padres apostólicos hasta el concilio de Nicea. -Autores griegos hasta mediados del siglo V. -Autores latinos hasta San Agustín. -Doctrina de concilios y Papas. | |
| 526 | _aSEG42 | ||
| 526 | _aSEG41 | ||
| 526 | _aSEG40 | ||
| 526 | _aSEG39 | ||
| 526 | _aP94 | ||
| 526 | _aP87 | ||
| 526 | _aP86 | ||
| 526 | _aP85 | ||
| 526 | _aP77 | ||
| 526 | _aP76 | ||
| 526 | _aP35 | ||
| 650 | 0 | 4 |
_aMatrimonio (Derecho canónico) _ySiglo I-V. |
| 650 | 0 | 4 | _aMatrimonio (Sacramento). |
| 942 |
_2ddc _cBOOK |
||
| 949 |
_a234.165 S18 _wDEWEY _c1 _i45738 _lCCODEBUL1 _mBUL _p00.00 _r0 _sY _tBOOK _u2015-06-24 _xTEOLOGIA _PP35 _0COMPRA _o.STAFF. Colección General |
||
| 596 | _a1 | ||
| 999 |
_a234.165 S18 _wDEWEY _c22606 _i45738 _f2021-11-10 _g5 _lCCODEBUL1 _mBUL _r0 _sY _tBOOK _u2015-6-24 _xTEOLOGIA _PP35 _0COMPRA _o.STAFF. Colección General _d22606 |
||
| 980 |
_81 _gALBERTO SANCHEZ Responsable de Automatización |
||